| 000 -CABECERA |
| Longitud fija campo de control |
00866nam a22002297a 4500 |
| 003 - IDENTIFICADOR DEL NÚMERO DE CONTROL |
| Identificador del número de control |
OSt |
| 005 - FECHA Y HORA DE LA ÚLTIMA TRANSACCIÓN |
| Fecha y hora de la última transacción |
20131111170700.0 |
| 008 - CÓDIGOS DE INFORMACIÓN DE LONGITUD FIJA |
| Códigos de información de longitud fija |
130524s1992 sp ||||| |||| 00| 0 spa d |
| 020 ## - NÚMERO INTERNACIONAL NORMALIZADO PARA LIBROS |
| Número Internacional Normalizado para Libros (ISBN) |
8432129348 |
| 040 ## - FUENTE DE LA CATALOGACIÓN |
| Centro transcriptor |
CDMR |
| 100 1# - PUNTO DE ACCESO PRINCIPAL-NOMBRE DE PERSONA |
| 9 (RLIN) |
3510 |
| Nombre de persona |
Lavine, John M. |
| 245 10 - MENCIÓN DE TÍTULO |
| Título |
Gestión de empresas informativas |
| Mención de responsabilidad, etc. |
John M. Lavine, Daniel B. Wackman ; edición española a cargo de Francisco Iglesias |
| 260 ## - PUBLICACIÓN, DISTRIBUCIÓN, ETC. (PIE DE IMPRENTA) |
| Lugar de publicación, distribución, etc. |
Madrid |
| Nombre del editor, distribuidor, etc. |
Rialp |
| Fecha de publicación, distribución, etc. |
1992 |
| 490 0# - MENCIÓN DE SERIE |
| Mención de serie |
Ciencias de la Información (RIALP) |
| 500 ## - NOTA GENERAL |
| Nota general |
Títol original: Managing media organizations : effective leadership of the media |
| 650 04 - PUNTO DE ACCESO ADICIONAL DE MATERIA - TÉRMINO DE MATERIA |
| 9 (RLIN) |
1465 |
| Término de materia o nombre geográfico como elemento inicial |
Empresa informativa |
| Subdivisión de materia general |
Direcció i administració |
| 650 04 - PUNTO DE ACCESO ADICIONAL DE MATERIA - TÉRMINO DE MATERIA |
| 9 (RLIN) |
3665 |
| Término de materia o nombre geográfico como elemento inicial |
Empreses periodístiques |
| Subdivisión de materia general |
Direcció i administració |
| 650 04 - PUNTO DE ACCESO ADICIONAL DE MATERIA - TÉRMINO DE MATERIA |
| 9 (RLIN) |
405 |
| Término de materia o nombre geográfico como elemento inicial |
Mitjans de comunicació de massa |
| 700 1# - PUNTO DE ACCESO ADICIONAL - NOMBRE DE PERSONA |
| 9 (RLIN) |
3511 |
| Nombre de persona |
Wackman, Daniel B. |
| 700 1# - PUNTO DE ACCESO ADICIONAL - NOMBRE DE PERSONA |
| 9 (RLIN) |
318 |
| Nombre de persona |
Iglesias, Francisco |
| 942 ## - ENTRADA DE ELEMENTOS AGREGADOS (KOHA) |
| Fuente de clasificaión o esquema |
|
| Koha [por defecto] tipo de item |
Monografies |